000 00618nam a22002057a 4500
005 20251108173711.0
008 250721s2004 xx 000 0 ara d
020 _a9953301441
082 1 4 _aم/ 150/ عيس
100 1 _aعيسوي، عبد الرحمن محمد
245 1 0 _aسيكولوجية الإقلاع عن التدخين /
264 1 _aبيروت :
_bدار الراتب الجامعية،
_c2004.
300 _aج3.
650 1 7 _aعلم النفس
650 1 7 _aالسلوك الاجتماعي
650 1 7 _aالتدخين
650 1 7 _aالادمان
942 _2ddc
_cREF
999 _c110301
_d110301